| 000 -LEADER |
| fixed length control field |
00343cam a22001097a 4500 |
| 008 - FIXED-LENGTH DATA ELEMENTS--GENERAL INFORMATION |
| fixed length control field |
180718b1931 xxu||||| |||| 00| 0 eng d |
| 082 ## - DEWEY DECIMAL CLASSIFICATION NUMBER |
| Classification number |
C43x54 In2m |
| 245 ## - TITLE STATEMENT |
| Title |
Memoranda on the Indian states |
| 260 ## - PUBLICATION, DISTRIBUTION, ETC. |
| Place of publication, distribution, etc. |
Delhi |
| Name of publisher, distributor, etc. |
The Manager of Publications |
| Date of publication, distribution, etc. |
1931 |
| 300 ## - PHYSICAL DESCRIPTION |
| Extent |
330+p. |
| 500 ## - GENERAL NOTE |
| General note |
Library has 1930. 330+p; 1935. 316+p; 1939. 370+p; 1940. 360+p |